000 00823nam a2200229Ia 4500
001 15666
003 GE_BSU
008 181216s||||||||xx |||||||||||||| ||und||
040 _cGE_BSU
080 _a821.353.1-32
100 _aციციშვილი, გიორგი
245 _aსიყვარული სისხლის წვიმების დროს
245 _bნოველები
245 _cრედ. ნ. კანდელაკი. მხ. ა.თევზაძე
260 _aთბილისი
260 _bსაბჭ. საქართველო
260 _c1975
300 _a535გვ. ; 22სმ
653 _aნოველები
653 _aსიყვარული სისხლის წვიმების დროს
942 _cBK
999 _c48765
_d48765